On the bus with Rosa Parks : poems (Record no. 33179)

MARC details
000 -LEADER
fixed length control field 00551nam a2200181Ia 4500
020 ## - INTERNATIONAL STANDARD BOOK NUMBER
ISBN 9780393320268
050 ## - CALL MARK
Classification number PS 3554.O884 .D68/
100 ## - STATEMENT OF RESPONSIBILITY--MAIN AUTHOR NAME
Personal name Dove, Rita.
245 #0 - TITLE STATEMENT
Title On the bus with Rosa Parks : poems
260 ## - PUBLICATION, DISTRIBUTION, ETC. (IMPRINT)
Place of publication New York
260 ## - PUBLICATION, DISTRIBUTION, ETC. (IMPRINT)
Name of publisher Norton
260 ## - PUBLICATION, DISTRIBUTION, ETC. (IMPRINT)
Year of publication 1999
300 ## - PHYSICAL DESCRIPTION
Number of Pages 95 p
650 ## - SUBJECT ADDED ENTRY--TOPICAL TERM
Topical Term African American women civil rights workers--Poetry. Civil rights movements--Poetry. African American women--Poetry. African Americans--Poetry.
942 ## - ADDED ENTRY ELEMENTS (KOHA)
Koha item type Books
Holdings
Withdrawn status Lost status Source of classification or shelving scheme Damaged status Not for loan Permanent Location Current Location Date acquired Accession Number Price effective from Koha item type
    Library of Congress Classification     NILE UNIVERSITY OF NIGERIA - MAIN LIBRARY NILE UNIVERSITY OF NIGERIA - MAIN LIBRARY 04/23/2025 0195272 04/23/2025 Books